Translation - Rotation - Statistiques

Statistiques générales
  • Ce quiz a été pris 7 fois
  • Le résultat moyen est 15 sur 20
Statistiques - réponses
Par images Réponse % Correct
18
100%
2
100%
2
100%
C
100%
C
100%
12
83%
22
83%
23
83%
23
83%
27
83%
6
83%
K
67%
K
67%
R
67%
T
67%
D
50%
E
50%
I
50%
S
50%
T
50%
Aucun quiz correspondant
Distribution des résultats
% des personnes avec chaque résultat
Percentile par nombre de réponses
Votre historique - résultats
Vous n’avez pas pris ce quiz